000 00590nam a22002297a 4500
003 UA-OsUOA
001 34140
007 ta
008 20050926b un ||||| |||| 00| 0 ukr d
100 _aЧивилихин В.
090 _a821.161.1
_bЧ-58
942 _cBK
040 _aUA-OsUOA
_brus
_cUA-OsUOA
_dUA-OsUOA
245 _aПамять
_bРоман
300 _a767 с.
955 _a3
041 _arus
080 _a821.161.1
260 _aМ.
_bСовременник
_c1983
650 7 _a82 Література. Літературознавство
_2UDC
999 _c320570
_d320570